[Event "Paramaribo Srefidensi 3rd"]
[Site "Paramaribo"]
[Date "2015.11.21"]
[Round "3"]
[White "Pecorelli Garcia, Humberto"]
[Black "Ernst, Sipke"]
[Result "1/2-1/2"]
[WhiteElo "2400"]
[BlackElo "2532"]
[PlyCount "116"]
[EventDate "2015.11.20"]
[EventType "swiss"]
[EventRounds "9"]
[EventCountry "SUR"]
[SourceTitle "CBM 169 Extra"]
[Source "ChessBase"]
[SourceDate "2015.12.18"]
[SourceVersion "1"]
[SourceVersionDate "2015.12.18"]
[SourceQuality "1"]

1. d4 e6 2. Nf3 c5 3. c4 cxd4 4. Nxd4 Nf6 5. Nc3 a6 6. g3 Qc7 7. Qa4 b5 8. cxb5 Bb7 9. f3 axb5 10. Ndxb5 Qc6 11. Qf4 Na6 12. e4 Be7 13. Be2 0-0 14. 0-0 Rfe8 15. e5 Nh5 16. Qe4 Qc5+ 17. Qd4 f6 18. f4 fxe5 19. fxe5 Rf8 20. Be3 Qc6 21. Rxf8+ Rxf8 22. Qe4 Qc8 23. Qc4 Qb8 24. Bd4 Qe8 25. Be3 Nb4 26. Rc1 Nc6 27. Qe4 Rf5 28. Nd6 Bxd6 29. exd6 Re5 30. Qd3 Nb4 31. Qd4 Nc6 32. Qb6 Ba8 33. Bf3 Qf8 34. Rf1 Rf5 35. Bg2 Rxf1+ 36. Bxf1 Qxd6 37. Qa6 Qb8 38. Bg2 Nf6 39. Bf4 e5 40. Bg5 h6 41. Be3 Kh7 42. b3 Qb4 43. Qd3+ Kh8 44. h3 Bb7 45. Bf2 e4 46. Qc4 Qxc4 47. bxc4 Ne5 48. Bd4 Nxc4 49. Bxf6 gxf6 50. Bxe4 Bxe4 51. Nxe4 Kg7 52. Kf2 Kf7 53. Ke2 d5 54. Nd2 Na3 55. Kd3 Ke6 56. Nf3 h5 57. Kc3 Kf5 58. Kd4 Nc2+ 1/2-1/2

[Event "Caribbean op"]
[Site "Port of Spain"]
[Date "2009.08.08"]
[Round "7"]
[White "Teran Abreu, Lisyender Jesus"]
[Black "Pecorelli Garcia, Humberto"]
[Result "1/2-1/2"]
[WhiteElo "2121"]
[BlackElo "2403"]
[PlyCount "64"]
[EventDate "2009.08.04"]
[EventType "swiss"]
[EventRounds "9"]
[EventCountry "TRI"]
[SourceTitle "EXT 2015"]
[Source "ChessBase"]
[SourceDate "2014.11.20"]
[SourceVersion "1"]
[SourceVersionDate "2014.11.20"]
[SourceQuality "1"]

1. e4 e6 2. d3 d5 3. Nd2 c5 4. Ngf3 Nc6 5. g3 Bd6 6. Qe2 Nge7 7. Bg2 0-0 8. 0-0 Bc7 9. Re1 Rb8 10. h4 d4 11. Nf1 e5 12. N1h2 f6 13. h5 Be6 14. Nh4 g5 15. hxg6 hxg6 16. Ng4 Kf7 17. Qf3 Ng8 18. Bh3 Kg7 19. Kg2 Nce7 20. Qe2 Qd7 21. Rh1 f5 22. exf5 Nxf5 23. Nxf5+ Rxf5 24. Nh6 Qc6+ 25. Kg1 Rh5 26. Bg2 Rxh1+ 27. Bxh1 Bd5 28. Bxd5 Qxd5 29. Ng4 Rf8 30. Bd2 Rf7 31. a3 Nf6 32. Re1 Nxg4 1/2-1/2

[Event "Caribbean op"]
[Site "Port of Spain"]
[Date "2009.08.04"]
[Round "2"]
[White "Pecorelli Garcia, Humberto"]
[Black "Joseph, Marcus"]
[Result "1-0"]
[WhiteElo "2403"]
[BlackElo "2158"]
[PlyCount "64"]
[EventDate "2009.08.04"]
[EventType "swiss"]
[EventRounds "9"]
[EventCountry "TRI"]
[SourceTitle "EXT 2015"]
[Source "ChessBase"]
[SourceDate "2014.11.20"]
[SourceVersion "1"]
[SourceVersionDate "2014.11.20"]
[SourceQuality "1"]

1. d4 Nf6 2. c4 e6 3. Nf3 b6 4. g3 Ba6 5. b3 Bb4+ 6. Bd2 Be7 7. Bg2 c6 8. Bc3 d5 9. Ne5 Nfd7 10. Nxd7 Nxd7 11. Nd2 Rc8 12. 0-0 0-0 13. a4 c5 14. cxd5 cxd4 15. Bxd4 Nf6 16. Nc4 exd5 17. Ne3 Re8 18. Ra2 Ne4 19. Qa1 Bf6 20. Bxf6 Nxf6 21. Rd1 d4 22. Rxd4 Rc1+ 23. Qxc1 Qxd4 24. Rd2 Qb4 25. Qb2 Ne4 26. Nf5 Nc3 27. e3 g6 28. Nd4 Rc8 29. Nc6 Qc5 30. b4 Qc4 31. Ne7+ Kf8 32. Nxc8 Qxc8 1-0

[Event "Capablanca Memorial op 44th"]
[Site "Havana"]
[Date "2009.06.09"]
[Round "2"]
[White "Pecorelli Garcia, Humberto"]
[Black "Ordunez Echarte, Dennys"]
[Result "1-0"]
[WhiteElo "2399"]
[BlackElo "2270"]
[PlyCount "83"]
[EventDate "2009.06.08"]
[EventType "swiss"]
[EventRounds "10"]
[EventCountry "CUB"]
[SourceTitle "CBM 130 Extra"]
[Source "ChessBase"]
[SourceDate "2009.07.02"]
[SourceVersion "2"]
[SourceVersionDate "2009.07.15"]
[SourceQuality "1"]

1. d4 Nf6 2. c4 e6 3. Nf3 b6 4. g3 Ba6 5. b3 Bb4+ 6. Bd2 Be7 7. Nc3 d5 8. cxd5 exd5 9. b4 0-0 10. b5 Bb7 11. Bg2 c5 12. bxc6 Nxc6 13. 0-0 Ne4 14. Rc1 Rc8 15. Bh3 f5 16. e3 Ba6 17. Re1 Ba3 18. Rb1 Nxd2 19. Qxd2 Bb4 20. Rec1 Qd6 21. Bf1 Bxf1 22. Kxf1 Na5 23. Qd3 a6 24. Ne2 Nc4 25. Nf4 b5 26. Kg2 Ba3 27. Rc2 Rc7 28. h4 Rcc8 29. h5 Qe7 30. Nxd5 Qf7 31. Nf4 Bd6 32. Rbc1 Bxf4 33. exf4 Qxh5 34. Ne5 Nxe5 35. dxe5 Rxc2 36. Rxc2 Qf7 37. Qd6 a5 38. Rc7 Qe8 39. e6 Qa8+ 40. Kg1 Rd8 41. Rd7 Re8 42. Qe5 1-0

[Event "Moncada op 6th"]
[Site "Santiago de Cuba"]
[Date "2009.05.19"]
[Round "4"]
[White "Morales Romero, Pedro"]
[Black "Pecorelli Garcia, Humberto"]
[Result "1/2-1/2"]
[WhiteElo "2376"]
[BlackElo "2405"]
[PlyCount "79"]
[EventDate "2009.05.16"]
[EventType "swiss"]
[EventRounds "9"]
[EventCountry "CUB"]
[SourceTitle "CBM 130 Extra"]
[Source "ChessBase"]
[SourceDate "2009.07.02"]
[SourceVersion "2"]
[SourceVersionDate "2009.07.15"]
[SourceQuality "1"]

1. e4 e5 2. Nf3 Nc6 3. Bb5 a6 4. Ba4 Nf6 5. 0-0 Nxe4 6. Re1 Nc5 7. Nc3 Be7 8. Bxc6 dxc6 9. Nxe5 0-0 10. d4 Nd7 11. Qf3 Nxe5 12. dxe5 Be6 13. Bf4 Bb4 14. Qg3 Bf5 15. Bg5 Qd4 16. Ne2 Qg4 17. c3 Bc5 18. h3 Qxg3 19. Nxg3 Be6 20. b3 a5 21. Ne4 Ba3 22. Rad1 h6 23. Bh4 g5 24. Bg3 Rfd8 25. f3 Kg7 26. h4 Kg6 27. hxg5 hxg5 28. Bf2 b6 29. g4 Bd5 30. Kf1 a4 31. c4 Be6 32. Be3 Rxd1 33. Rxd1 Be7 34. Kf2 axb3 35. axb3 Ra5 36. c5 bxc5 37. Rc1 Bxb3 38. Bxc5 Bxc5+ 39. Rxc5 Ra2+ 40. Kg3 1/2-1/2

[Event "Moncada op 6th"]
[Site "Santiago de Cuba"]
[Date "2009.05.18"]
[Round "3"]
[White "Pecorelli Garcia, Humberto"]
[Black "Gomez Garrido, Camilo Ernesto"]
[Result "1/2-1/2"]
[WhiteElo "2405"]
[BlackElo "2454"]
[PlyCount "21"]
[EventDate "2009.05.16"]
[EventType "swiss"]
[EventRounds "9"]
[EventCountry "CUB"]
[SourceTitle "CBM 130 Extra"]
[Source "ChessBase"]
[SourceDate "2009.07.02"]
[SourceVersion "2"]
[SourceVersionDate "2009.07.15"]
[SourceQuality "1"]

1. c4 e5 2. Nc3 Nc6 3. Nf3 Nf6 4. g3 d5 5. cxd5 Nxd5 6. Bg2 Nb6 7. 0-0 Be7 8. d3 0-0 9. Be3 Be6 10. a3 Qd7 11. Nd2 1/2-1/2

[Event "Capablanca Memorial op 43rd"]
[Site "Havana"]
[Date "2008.05.16"]
[Round "9"]
[White "Pecorelli Garcia, Humberto"]
[Black "Guerra Mendez, Jose Angel"]
[Result "1/2-1/2"]
[WhiteElo "2384"]
[BlackElo "2447"]
[PlyCount "20"]
[EventDate "2008.05.08"]
[EventType "swiss"]
[EventRounds "10"]
[EventCountry "CUB"]
[SourceTitle "CBM 124 Extra"]
[Source "ChessBase"]
[SourceDate "2008.07.03"]
[SourceVersion "1"]
[SourceVersionDate "2008.07.03"]
[SourceQuality "1"]

1. c4 c5 2. Nc3 Nc6 3. Nf3 Nf6 4. g3 g6 5. Bg2 Bg7 6. 0-0 0-0 7. d3 a6 8. Bd2 d6 9. Rb1 Bd7 10. a3 Rb8 1/2-1/2

[Event "Capablanca Memorial op 43rd"]
[Site "Havana"]
[Date "2008.05.14"]
[Round "7"]
[White "Pecorelli Garcia, Humberto"]
[Black "Vera Gonzalez Quevedo, Reynaldo"]
[Result "1/2-1/2"]
[WhiteElo "2384"]
[BlackElo "2497"]
[PlyCount "30"]
[EventDate "2008.05.08"]
[EventType "swiss"]
[EventRounds "10"]
[EventCountry "CUB"]
[SourceTitle "CBM 124 Extra"]
[Source "ChessBase"]
[SourceDate "2008.07.03"]
[SourceVersion "1"]
[SourceVersionDate "2008.07.03"]
[SourceQuality "1"]

1. d4 Nf6 2. c4 e6 3. Nf3 d5 4. Nc3 c6 5. e3 Nbd7 6. Bd3 dxc4 7. Bxc4 b5 8. Bd3 a6 9. e4 b4 10. Na4 c5 11. e5 Nd5 12. dxc5 Bxc5 13. 0-0 Be7 14. a3 Bb7 15. Qe2 bxa3 1/2-1/2

[Event "Capablanca Memorial op 43rd"]
[Site "Havana"]
[Date "2008.05.12"]
[Round "5"]
[White "Pecorelli Garcia, Humberto"]
[Black "Escobar Forero, Alder"]
[Result "1-0"]
[WhiteElo "2384"]
[BlackElo "2454"]
[PlyCount "95"]
[EventDate "2008.05.08"]
[EventType "swiss"]
[EventRounds "10"]
[EventCountry "CUB"]
[SourceTitle "CBM 124 Extra"]
[Source "ChessBase"]
[SourceDate "2008.07.03"]
[SourceVersion "1"]
[SourceVersionDate "2008.07.03"]
[SourceQuality "1"]

1. d4 d5 2. c4 c6 3. Nf3 Nf6 4. e3 e6 5. Bd3 Nbd7 6. b3 Bd6 7. Bb2 Qe7 8. Ne5 0-0 9. 0-0 c5 10. Nd2 b6 11. e4 cxd4 12. Nc6 Qe8 13. cxd5 Nc5 14. Nc4 Nxd3 15. Qxd3 exd5 16. exd5 Bc5 17. Bxd4 Nxd5 18. Bxc5 Qxc6 19. Bxf8 Nf4 20. Qf3 Qxf3 21. gxf3 Kxf8 22. Rfe1 Bb7 23. Re3 Rd8 24. Rae1 g5 25. Re7 Nd3 26. R1e3 Nf4 27. h4 Bxf3 28. hxg5 Nd5 29. Rxa7 Nxe3 30. Nxe3 Rd2 31. Kh2 Be4 32. Kg3 Bb1 33. a3 Rd3 34. b4 Kg7 35. Ra6 Rb3 36. Kg4 b5 37. Kf4 Bg6 38. Ng4 Rb2 39. f3 Kf8 40. Ra7 Rd2 41. Nf6 Rd8 42. Ke5 Bc2 43. Rc7 Bb3 44. Nxh7+ Kg7 45. Nf6 Kg6 46. f4 Rd3 47. Ke4 Bc4 48. Rc8 1-0

[Event "Capablanca Memorial op 43rd"]
[Site "Havana"]
[Date "2008.05.10"]
[Round "3"]
[White "Pecorelli Garcia, Humberto"]
[Black "Perez Garcia, Rodney Oscar"]
[Result "1/2-1/2"]
[WhiteElo "2384"]
[BlackElo "2432"]
[PlyCount "40"]
[EventDate "2008.05.08"]
[EventType "swiss"]
[EventRounds "10"]
[EventCountry "CUB"]
[SourceTitle "CBM 124 Extra"]
[Source "ChessBase"]
[SourceDate "2008.07.03"]
[SourceVersion "1"]
[SourceVersionDate "2008.07.03"]
[SourceQuality "1"]

1. d4 d5 2. c4 c6 3. cxd5 cxd5 4. Nf3 Nc6 5. Nc3 Nf6 6. Bf4 a6 7. e3 Bg4 8. Be2 e6 9. 0-0 Bd6 10. Ne5 Bxe2 11. Nxe2 Bxe5 12. Bxe5 Nxe5 13. dxe5 Nd7 14. Qd4 Qb6 15. Qxb6 Nxb6 16. b3 Kd7 17. Rfc1 Rac8 18. Nd4 Rxc1+ 19. Rxc1 Rc8 20. Rxc8 Nxc8 1/2-1/2

[Event "Capablanca Memorial op 43rd"]
[Site "Havana"]
[Date "2008.05.08"]
[Round "1"]
[White "Pecorelli Garcia, Humberto"]
[Black "Hansen, Sune Berg"]
[Result "1-0"]
[WhiteElo "2384"]
[BlackElo "2549"]
[PlyCount "81"]
[EventDate "2008.05.08"]
[EventType "swiss"]
[EventRounds "10"]
[EventCountry "CUB"]
[SourceTitle "CBM 124 Extra"]
[Source "ChessBase"]
[SourceDate "2008.07.03"]
[SourceVersion "1"]
[SourceVersionDate "2008.07.03"]
[SourceQuality "1"]

1. d4 d5 2. c4 c6 3. Nf3 Nf6 4. Nc3 e6 5. e3 a6 6. c5 Nbd7 7. b4 g6 8. Be2 Bg7 9. Bb2 0-0 10. 0-0 Re8 11. h3 e5 12. dxe5 Nxe5 13. Nxe5 Rxe5 14. Nb5 Rg5 15. h4 Rxg2+ 16. Kxg2 axb5 17. Rh1 Bf5 18. Bd4 Be4+ 19. f3 Bf5 20. a4 bxa4 21. Rxa4 Rxa4 22. Qxa4 Nh5 23. Bxg7 Kxg7 24. Qa1+ f6 25. Kf2 Qc7 26. f4 Nxf4 27. exf4 Qxf4+ 28. Bf3 Be4 29. Qd1 d4 30. Kg2 Qg4+ 31. Kf2 Qf4 32. Rh3 d3 33. Kg2 f5 34. Bxe4 fxe4 35. Qa1+ Kh6 36. Qf1 Qe5 37. Qf8+ Kh5 38. Rg3 d2 39. Qf1 Kh6 40. Qf8+ Kh5 41. Qd8 1-0

[Event "Bridgetown Heroes Day-A"]
[Site "Bridgetown"]
[Date "2005.04.29"]
[Round "4"]
[White "Warner, Delisle"]
[Black "Pecorelli Garcia, Humberto"]
[Result "1/2-1/2"]
[WhiteElo "2255"]
[BlackElo "2387"]
[PlyCount "32"]
[EventDate "2005.04.28"]
[EventType "tourn"]
[EventRounds "10"]
[EventCountry "BAR"]
[EventCategory "4"]
[SourceTitle "CBM 106 Extra"]
[Source "ChessBase"]
[SourceDate "2005.07.01"]
[SourceVersion "1"]
[SourceVersionDate "2005.07.01"]
[SourceQuality "1"]

1. Nf3 Nf6 2. c4 e6 3. Nc3 d5 4. d4 Be7 5. g3 0-0 6. Bg2 c6 7. 0-0 Nbd7 8. b3 b6 9. Bb2 Ba6 10. Re1 b5 11. cxb5 cxb5 12. a3 Qb6 13. b4 Bb7 14. Qd3 Ne4 15. Qxb5 Qxb5 16. Nxb5 a5 1/2-1/2

[Event "Bridgetown Heroes Day-A"]
[Site "Bridgetown"]
[Date "2005.04.28"]
[Round "2"]
[White "Pecorelli Garcia, Humberto"]
[Black "Neubauer, Martin"]
[Result "1/2-1/2"]
[WhiteElo "2387"]
[BlackElo "2457"]
[PlyCount "26"]
[EventDate "2005.04.28"]
[EventType "tourn"]
[EventRounds "10"]
[EventCountry "BAR"]
[EventCategory "4"]
[SourceTitle "CBM 106 Extra"]
[Source "ChessBase"]
[SourceDate "2005.07.01"]
[SourceVersion "1"]
[SourceVersionDate "2005.07.01"]
[SourceQuality "1"]

1. c4 g6 2. Nc3 c5 3. g3 Bg7 4. Bg2 Nc6 5. a3 a6 6. Rb1 Rb8 7. b3 Nh6 8. Bb2 d6 9. e3 Nf5 10. Nge2 Bd7 11. d3 b5 12. 0-0 0-0 13. Qc2 bxc4 1/2-1/2

[Event "Padron op 5th"]
[Site "Padron"]
[Date "2004.08.28"]
[Round "9"]
[White "Pecorelli Garcia, Humberto"]
[Black "Garcia Castro, Pablo"]
[Result "1/2-1/2"]
[WhiteElo "2423"]
[BlackElo "2356"]
[PlyCount "93"]
[EventDate "2004.08.20"]
[EventType "swiss"]
[EventRounds "9"]
[EventCountry "ESP"]
[SourceTitle "EXT 2005"]
[Source "ChessBase"]
[SourceDate "2004.11.15"]
[SourceVersion "1"]
[SourceVersionDate "2004.11.15"]
[SourceQuality "1"]

1. d4 c5 2. d5 g6 3. e4 Bg7 4. Nf3 d6 5. Nc3 Nf6 6. Bb5+ Nbd7 7. a4 0-0 8. 0-0 a6 9. Bc4 b6 10. Re1 Qc7 11. h3 Bb7 12. Bf4 Ne5 13. Bf1 Rad8 14. Nd2 e6 15. Nc4 exd5 16. exd5 Rfe8 17. Qd2 Nxc4 18. Bxc4 Qd7 19. Qd3 Rxe1+ 20. Rxe1 Re8 21. Rxe8+ Nxe8 22. Bxa6 Bxa6 23. Qxa6 Bxc3 24. bxc3 Qf5 25. Bh6 Qh5 26. Be3 Qd1+ 27. Kh2 Qxc2 28. c4 Kg7 29. Qxb6 Qxa4 30. Qd8 h6 31. h4 Kh7 32. Bd2 h5 33. Qe7 Ng7 34. Qxf7 Qxc4 35. Bf4 Qe4 36. Bxd6 Qxh4+ 37. Kg1 Qd4 38. Be7 Qa1+ 39. Kh2 Qe5+ 40. f4 Qe3 41. d6 Qf2 42. Qf6 Nf5 43. Qf7+ Ng7 44. Kh3 Qe3+ 45. Kh2 Qf2 46. Qf6 Nf5 47. Qf7+ 1/2-1/2

[Event "Padron op 5th"]
[Site "Padron"]
[Date "2004.08.23"]
[Round "4"]
[White "Cosma, Ioan"]
[Black "Pecorelli Garcia, Humberto"]
[Result "1-0"]
[WhiteElo "2459"]
[BlackElo "2423"]
[PlyCount "133"]
[EventDate "2004.08.20"]
[EventType "swiss"]
[EventRounds "9"]
[EventCountry "ESP"]
[SourceTitle "EXT 2005"]
[Source "ChessBase"]
[SourceDate "2004.11.15"]
[SourceVersion "1"]
[SourceVersionDate "2004.11.15"]
[SourceQuality "1"]

1. d4 e6 2. Nf3 Nf6 3. c4 d5 4. Nc3 Be7 5. Bg5 0-0 6. e3 h6 7. Bxf6 Bxf6 8. Rc1 Nc6 9. cxd5 exd5 10. Be2 Ne7 11. 0-0 a5 12. a3 Nf5 13. b4 axb4 14. axb4 Be6 15. Na4 Nd6 16. b5 b6 17. Nd2 Ra5 18. Nc3 Qa8 19. Ra1 Rc8 20. Bf3 c5 21. bxc6 Qxc6 22. Rc1 Qb7 23. Qb3 Ne4 24. Qb2 Nxc3 25. Rxc3 Rxc3 26. Qxc3 Qa6 27. h3 Ra3 28. Qc6 Qd3 29. Rd1 Ra2 30. Ne4 Qb3 31. Nxf6+ gxf6 32. Qc7 b5 33. Rc1 b4 34. Rc6 Qb2 35. Qg3+ Kh7 36. Rb6 b3 37. Rb8 Qb1+ 38. Kh2 Qg6 39. Rxb3 Qxg3+ 40. Kxg3 Ra5 41. Rc3 Ra7 42. Rc5 Rd7 43. Kf4 Kg7 44. Ra5 Rd8 45. Ra7 Rb8 46. Ra5 Rd8 47. g4 Rd6 48. Bg2 Kg6 49. Kg3 f5 50. gxf5+ Kxf5 51. e4+ Kg6 52. e5 Rd8 53. Ra6 Kf5 54. Rd6 Rg8+ 55. Kh2 Rb8 56. Bxd5 Rb2 57. Bxe6+ fxe6 58. Kg3 Rb8 59. f3 Rg8+ 60. Kf2 Rb8 61. Rd7 Rb2+ 62. Ke3 Rb3+ 63. Ke2 Rb2+ 64. Kd3 Rh2 65. Rf7+ Kg5 66. Rf6 Rxh3 67. Ke4 1-0

[Event "Peregrina op 20th"]
[Site "Pontevedra"]
[Date "2004.08.15"]
[Round "4"]
[White "Pecorelli Garcia, Humberto"]
[Black "Adla, Diego Gustavo"]
[Result "1-0"]
[WhiteElo "2423"]
[BlackElo "2456"]
[PlyCount "49"]
[EventDate "2004.08.13"]
[EventType "swiss"]
[EventRounds "9"]
[EventCountry "ESP"]
[SourceTitle "CBM 101 Extra"]
[Source "ChessBase"]
[SourceDate "2004.09.01"]
[SourceVersion "2"]
[SourceVersionDate "2004.09.01"]
[SourceQuality "1"]

1. d4 d5 2. c4 e6 3. Nf3 Nf6 4. g3 dxc4 5. Qa4+ Nbd7 6. Bg2 a6 7. Qxc4 b5 8. Qc6 Rb8 9. Bf4 Nd5 10. Bg5 Be7 11. Bxe7 Qxe7 12. 0-0 Bb7 13. Qc1 c5 14. dxc5 Rc8 15. Nc3 Rxc5 16. Nxd5 Bxd5 17. Qe3 0-0 18. Qa3 Rfc8 19. Ne1 Bxg2 20. Kxg2 Nb6 21. Qxa6 Qc7 22. Qa5 Re5 23. Nf3 Qb7 24. Rfc1 Nc4 25. Rxc4 1-0

[Event "Pedrido op"]
[Site "Pedrido"]
[Date "2004.08.10"]
[Round "8"]
[White "Perez Fungueiro, Manuel Antonio"]
[Black "Pecorelli Garcia, Humberto"]
[Result "1/2-1/2"]
[WhiteElo "2285"]
[BlackElo "2420"]
[PlyCount "167"]
[EventDate "2004.08.??"]
[EventType "swiss"]
[EventRounds "9"]
[EventCountry "ESP"]
[SourceTitle "EXT 2005"]
[Source "ChessBase"]
[SourceDate "2004.11.15"]
[SourceVersion "1"]
[SourceVersionDate "2004.11.15"]
[SourceQuality "1"]

1. c4 g6 2. g3 Bg7 3. Bg2 e5 4. Nc3 d6 5. e4 Ne7 6. Nge2 0-0 7. 0-0 Be6 8. d3 c6 9. b3 f5 10. d4 Na6 11. dxe5 dxe5 12. Ba3 Qe8 13. Qd6 Nc8 14. Qd2 Rf7 15. exf5 gxf5 16. Rad1 Nb6 17. Qg5 Rd7 18. Rxd7 Nxd7 19. Rd1 Qg6 20. Qe3 Nf6 21. Qxe5 Nd5 22. Nxd5 Bxe5 23. Ne7+ Kf7 24. Nxg6 hxg6 25. h4 Re8 26. f4 Bg7 27. Bf3 Bf6 28. Kg2 Rc8 29. Nc1 b5 30. Ne2 bxc4 31. bxc4 Nb8 32. Rc1 Nd7 33. Bd6 Nb6 34. c5 Nc4 35. a4 Nxd6 36. cxd6 c5 37. Nc3 c4 38. Nd5 c3 39. Kf2 c2 40. Nxf6 Kxf6 41. Be2 Bd7 42. Bb5 Bxb5 43. axb5 Ke6 44. Ke3 Kxd6 45. Kd3 Kd5 46. Rxc2 Rxc2 47. Kxc2 Ke4 48. Kc3 Kf3 49. Kb4 Kxg3 50. Ka5 Kxf4 51. Ka6 Kg4 52. Kxa7 f4 53. b6 f3 54. b7 f2 55. b8Q f1Q 56. Qh2 Qf7+ 57. Ka6 Qf6+ 58. Kb7 Qxh4 59. Qe2+ Kf5 60. Qb5+ Ke6 61. Qc6+ Kf7 62. Qd5+ Kf8 63. Kc6 Qf6+ 64. Kc5 g5 65. Qe4 Kg7 66. Kd5 Kh6 67. Qg4 Qe7 68. Qh3+ Kg7 69. Qc3+ Kg6 70. Qd3+ Kf6 71. Qf3+ Kg7 72. Qc3+ Kg8 73. Qc8+ Kf7 74. Qf5+ Qf6 75. Qxf6+ Kxf6 76. Ke4 Kg6 77. Kf3 Kh5 78. Kg3 g4 79. Kg2 Kg5 80. Kg3 Kf5 81. Kg2 Kf4 82. Kf2 g3+ 83. Kg2 Kg4 84. Kg1 1/2-1/2

[Event "Marin op"]
[Site "Marin"]
[Date "2004.07.14"]
[Round "2"]
[White "Pecorelli Garcia, Humberto"]
[Black "Barreiro Pineiro, Jose"]
[Result "1-0"]
[WhiteElo "2420"]
[BlackElo "2026"]
[PlyCount "69"]
[EventDate "2004.07.??"]
[EventType "swiss"]
[EventRounds "9"]
[EventCountry "ESP"]
[SourceTitle "EXT 2005"]
[Source "ChessBase"]
[SourceDate "2004.11.15"]
[SourceVersion "1"]
[SourceVersionDate "2004.11.15"]
[SourceQuality "1"]

1. d4 f5 2. g3 Nf6 3. Bg2 g6 4. Nf3 Bg7 5. 0-0 0-0 6. b3 d6 7. Bb2 Qe8 8. c4 Nbd7 9. Nc3 a6 10. Qc2 e5 11. dxe5 Nxe5 12. Rfe1 Nc6 13. Rad1 Bd7 14. Nd5 Qd8 15. e3 a5 16. a3 Ne7 17. Nf4 Nc6 18. h4 Rc8 19. c5 Ne4 20. Bxg7 Kxg7 21. b4 axb4 22. axb4 Qe8 23. Qb2+ Kg8 24. Ng5 Nxg5 25. hxg5 dxc5 26. Bd5+ Rf7 27. Qf6 Nd8 28. Nxg6 hxg6 29. Qxg6+ Kf8 30. Qh6+ Ke7 31. g6 Qf8 32. Qg5+ Ke8 33. gxf7+ Nxf7 34. Qh5 Ba4 35. Ra1 1-0